|
|
|
|
| LEADER |
00000naa2a2200000 4500 |
| 001 |
392849 |
| 005 |
20231101064321.0 |
| 035 |
|
|
|a (RuTPU)RU\TPU\prd\28494
|
| 090 |
|
|
|a 392849
|
| 100 |
|
|
|a 20041004a2004 k y0rusy50 ca
|
| 101 |
0 |
|
|a rus
|
| 102 |
|
|
|a UA
|
| 200 |
1 |
|
|a Производство синтетического топлива совместной переработкой ископаемых углей и отходов пластмасс
|e Обзор
|f А. М. Осипов, А. Ф. Попов, С. В. Грищук и др.
|
| 225 |
1 |
|
|a Очистка и переработка отходов
|
| 320 |
|
|
|a Библиогр.: 41 назв.
|
| 461 |
|
1 |
|0 (RuTPU)RU\TPU\prd\1029
|x 0235-3482
|t Экотехнологии и ресурсосбережение
|o научно-технический журнал
|f Национальная академия наук Украины (НАНУ) ; Институт газа Украины
|d 1994-2008
|
| 463 |
|
1 |
|0 (RuTPU)RU\TPU\prd\27099
|t № 4
|v С. 26-35
|d 2004
|
| 610 |
1 |
|
|a плпстмассы
|
| 610 |
1 |
|
|a отходы пластмасс
|
| 610 |
1 |
|
|a уголь
|
| 610 |
1 |
|
|a ископаемый уголь
|
| 610 |
1 |
|
|a переработка
|
| 610 |
1 |
|
|a совместная переработка
|
| 610 |
1 |
|
|a утилизация отходов
|
| 675 |
|
|
|a 662:62
|v 3
|
| 675 |
|
|
|a 66:75
|v 3
|
| 675 |
|
|
|a 621:798
|v 3
|
| 675 |
|
|
|a 658:567.1
|v 3
|
| 701 |
|
1 |
|a Осипов
|b А. М.
|
| 701 |
|
1 |
|a Попов
|b А. Ф.
|
| 701 |
|
1 |
|a Грищук
|b С. В.
|
| 701 |
|
1 |
|a Носырев
|b И. Е.
|
| 701 |
|
1 |
|a Бойко
|b З. В.
|
| 801 |
|
1 |
|a RU
|b 63413507
|c 20041004
|g PSBO
|
| 801 |
|
2 |
|a RU
|b 63413507
|c 20150416
|g PSBO
|
| 942 |
|
|
|c BK
|